00858nam a22002055i 450000100060000000300090000600500170001500700030003200800410003504000200007608000110009610000360010724500880014326000550023130000580028649001060034465000330045083001070048385200620059054200ES-MaACL20250728063122.0t|960717s1879 fr a ||||1| fre d aCAM bspa cCAM a56:5991 aFilhol, Henri, d1843-1902eaut10aEtude des mammiféres fossiles de Saint-Gérand le Puy (Allier) / cpar H. Filhol aParis : bG. Masson, c1879f(Imp. de E. Martinet) a[6], 252 páginas, [30] hojas de láminas ; c24 cm1 aBibliothèque de l'Ecole des Hautes Etudes. Section des sciences naturelles ; vT. XIX, article n. 1 7aMamíferos fósiles2embne00aBibliothèque de l'École des Hautes Études. Section des sciences naturellesvT. XIX, article n. 1 aES-MaACLcSPP3jG-11022(1) xEncuadernado con otras obras